15 Largest Cities in Ukraine🇺🇦 - Statistics

General Stats
  • This quiz has been taken 180 times
  • The average score is 10 of 15
Answer Stats
Population City % Correct
2.7 mil Kiev
100%
1.4 mil Kharkiv
97%
1 mil Odessa
95%
717k Lviv
92%
1 mil Donetsk
91%
1 mil Dnipro
89%
481k Mariupol
74%
452k Luhansk
71%
416k Sevastopol
66%
796k Zaporizhia
60%
652k Kryvyi Rih
52%
510k Mykolayiv
52%
352k Vinnytsia
38%
376k Makiyivka
29%
398k Khmelnytskyi
23%
No matching quizzes found
Score Distribution
Percent of People with Each Score
Percentile by Number Answered
Your Score History
You have not taken this quiz